|
|
|
|
| LEADER |
00000nab a2200000uu 4500 |
| 001 |
vtls011457373 |
| 003 |
SK-MaSNL |
| 005 |
20260303151638.0 |
| 008 |
230222|1980 xo |||||||||||||||||slo| |
| 015 |
|
|
|a SNBRB
|
| 035 |
|
|
|a (urnnbn)urn:nbn:sk:snk:ar-a09uo7
|
| 035 |
|
|
|a (uuid)fcc50a72-ed5e-4668-ace8-999fa3c20ed6
|
| 035 |
|
|
|a urn:nbn:sk:snk-abcrz8
|
| 040 |
|
|
|a SNKBUCL
|b slo
|c SNKBUCL
|e AACR2
|
| 041 |
0 |
|
|a slo
|
| 044 |
|
|
|a xo
|c SK
|
| 100 |
1 |
|
|a Stradiot, J.
|4 aut
|9 1171465
|
| 245 |
1 |
0 |
|a Obmedzovanie rázov v kinematických dvojiciach pákového mechanizmu
|c J. Stradiot, P. Šolek
|
| 700 |
1 |
|
|a Šolek, Peter,
|d 1950-
|4 aut
|9 218921
|
| 773 |
0 |
|
|t Strojnícky časopis
|g Roč. 31, č. 2 (1980), s. 183-194
|
| 954 |
|
|
|a odborná, vedecká literatúra pôvodná (slovenská)
|2 lita
|
| 958 |
|
|
|a OND
|
| 958 |
|
|
|a EUIPO
|
| 958 |
|
|
|a article16
|
| 999 |
|
|
|c 2018745
|d 2020675
|